header

The Argonautika (Record no. 219069)

MARC details
000 -LEADER
fixed length control field 01346nam a2200325Ia 4500
100 0# - MAIN ENTRY--AUTHOR NAME
Personal name Apollonius,
245 14 - TITLE STATEMENT
Title The Argonautika
250 ## - EDITION STATEMENT
Edition statement Expanded ed.
260 ## - PUBLICATION, DISTRIBUTION, ETC. (IMPRINT)
Place of publication Berkeley :
Name of publisher University of California Press,
Year of publication c2007.
300 ## - PHYSICAL DESCRIPTION
Number of Pages xiv, 474 p. :
Other physical details maps.
490 0# - SERIES STATEMENT
Series statement Hellenistic culture and society ;
650 #0 - SUBJECT ADDED ENTRY--TOPICAL TERM
Topical Term Epic poetry, Greek
Topical Term Argonauts (Greek mythology)
700 1# - ADDED ENTRY--PERSONAL NAME
Personal name Green, Peter,
856 40 - ELECTRONIC LOCATION AND ACCESS
Uniform Resource Identifier http://site.ebrary.com/lib/rucke/Doc?id=10595416

No items available.

© 2026 Rongo University
Contact us: librarian | system librarian | Rongo university